My brother, ant / (Record no. 104402)
[ view plain ]
| 000 -LEADER | |
|---|---|
| fixed length control field | 00691nam a2200181 a 4500 |
| 005 - DATE AND TIME OF LATEST TRANSACTION | |
| control field | 20140412111321.0 |
| 008 - FIXED-LENGTH DATA ELEMENTS--GENERAL INFORMATION | |
| fixed length control field | 010323s19uu xx 00 eng d |
| 020 ## - INTERNATIONAL STANDARD BOOK NUMBER | |
| International Standard Book Number | 0-14-038345-X |
| 050 ## - LIBRARY OF CONGRESS CALL NUMBER | |
| Classification number | ER |
| Item number | My99 1996 |
| 100 ## - MAIN ENTRY--PERSONAL NAME | |
| Personal name | Byars, Betsy |
| 245 ## - TITLE STATEMENT | |
| Title | My brother, ant / |
| Statement of responsibility, etc | by Betsy Byars ; illustrations by Marc Simont. |
| 260 ## - PUBLICATION, DISTRIBUTION, ETC. (IMPRINT) | |
| Place of publication, distribution, etc | London : |
| Name of publisher, distributor, etc | PuffinBooks, |
| Date of publication, distribution, etc | 1996. |
| 300 ## - PHYSICAL DESCRIPTION | |
| Extent | 1 v. (unp.) ; ill. |
| 440 ## - SERIES STATEMENT/ADDED ENTRY--TITLE | |
| Title | Viking easy-to-read |
| 520 ## - SUMMARY, ETC. | |
| Summary, etc | In four separate stories, Ant's older brother gets rid of the monster under Ant's bed, forgives Ant for drawing on his homework, tries to read a story, and helps Ant write a letter to Santa. |
| 650 ## - SUBJECT ADDED ENTRY--TOPICAL TERM | |
| Topical term or geographic name as entry element | Brothers - Fiction |
| Withdrawn status | Lost status | Damaged status | Use restrictions | Home library | Current library | Shelving location | Date acquired | Source of acquisition | Cost, normal purchase price | Total Checkouts | Full call number | Barcode | Date last seen | Price effective from | Koha item type |
|---|---|---|---|---|---|---|---|---|---|---|---|---|---|---|---|
| Elizalde Library | Elizalde Library | Easy Reading Section | 03/23/2001 | 129.50 | ER My99 1996 | E7709 | 04/12/2014 | 04/12/2014 | Books |